|
|
|
|
| LEADER |
01245nab#a2200433#ar4500 |
| 001 |
000103513 |
| 003 |
SVKKK |
| 005 |
20110103104800.0 |
| 008 |
110103c2010 xo |||||||||||||||b|eng |
| FMT |
|
|
|
| 015 |
|
|
|a SNBRB2011/01
|
| 038 |
|
|
|a SVKKK
|
| 040 |
|
|
|a SVKKK
|b slo
|e AACR2
|
| 041 |
0 |
|
|a eng
|b eng
|
| 044 |
|
|
|a xo
|c SK
|
| 080 |
|
|
|a 669.71-41
|2 1997
|
| 080 |
|
|
|a 621.791.1
|2 1997
|
| 080 |
|
|
|a 539.37
|2 1997
|
| 242 |
1 |
0 |
|a Popis deformácie vysoko čistých hliníkových plechov pri trecom miešacom zváraní
|
| 245 |
1 |
0 |
|a Description of deformation during friction stir spot welding of high purity aluminum sheets
|c T. Shibayanagi ... [et al.]
|
| 300 |
|
|
|b Obr., tab.
|
| 504 |
|
|
|a Bibliogr. odkazy
|
| 504 |
|
|
|a Res. angl.
|
| 650 |
0 |
4 |
|a trecie miešacie zváranie
|
| 650 |
0 |
4 |
|a vysokočistý Al
|
| 650 |
0 |
4 |
|a plechy
|
| 650 |
0 |
4 |
|a deformačné charakteristiky
|
| 700 |
1 |
|
|a Shibayanagi, T.
|4 aut
|
| 700 |
1 |
|
|a Mizushima, K.
|4 aut
|
| 700 |
1 |
|
|a Yoshikawa, S.
|4 aut
|
| 700 |
1 |
|
|a Ikeuchi, K.
|4 aut
|
| 773 |
0 |
|
|t Acta metallurgica slovaca conference : Metallography 2010
|g Č. 1 (2010), s. 59-67
|x 1338-1660
|
| 958 |
|
|
|a NB
|
| 974 |
|
|
|a Ma
|
| 992 |
|
|
|a RBX
|
| BAS |
|
|
|
| 852 |
|
|
|a SVKKK
|b BIB
|
| EXP |
|
|
|
| 998 |
|
|
|a HUT
|